Obchodovanie s emisiami je nedeliteľnou súčasťou súčasnej energetickej a environmentálnej stratégie

Obchodovanie s emisiami - nový aspekt, ktorý zavádza mechanizmy trhového hospodárstva do environmentálnej politiky. Technické možnosti znižovania emisií CO2. Obchodovanie s kvótami emisií. Flexibilný mechanizmus podľa Kjótskeho protokolu. Národný alokačný plán.

Guardado en:
Detalles Bibliográficos
Autor principal: Andrejčíková, Mária
Otros Autores: Repášová, Magdaléna
Formato: Capítulo de libro
Lenguaje:eslovaco
Materias:
Etiquetas: Agregar Etiqueta
Sin Etiquetas, Sea el primero en etiquetar este registro!

MARC

LEADER 00000nla$a2200000$$$4500
001 0093360
005 20240502072036.2
041 0 |a slo 
044 |a SK 
245 1 0 |a Obchodovanie s emisiami je nedeliteľnou súčasťou súčasnej energetickej a environmentálnej stratégie  |c Mária Andrejčíková, Magdaléna Repášová 
520 |a Obchodovanie s emisiami - nový aspekt, ktorý zavádza mechanizmy trhového hospodárstva do environmentálnej politiky. Technické možnosti znižovania emisií CO2. Obchodovanie s kvótami emisií. Flexibilný mechanizmus podľa Kjótskeho protokolu. Národný alokačný plán. 
610 2 0 |a emisie 
610 2 0 |a ochrana prostredia životného 
610 2 0 |a obchod 
610 2 0 |a firmy 
610 2 0 |a dohody medzinárodné 
610 2 0 |a spolupráca medzinárodná 
610 2 0 |a organizácie medzinárodné 
100 1 |a Andrejčíková, Mária 
700 1 |a Repášová, Magdaléna